Central Library OPAC University of Rajshahi

Methods in cell physiology / (Record no. 69550)

MARC details
000 -LEADER
fixed length control field 01022nam a2200325 a 4500
001 - CONTROL NUMBER
control field 69550
003 - CONTROL NUMBER IDENTIFIER
rucl marc code BD-RjUL
005 - DATE AND TIME OF LATEST TRANSACTION
control field 20211209081912.0
008 - FIXED-LENGTH DATA ELEMENTS--GENERAL INFORMATION
fixed length control field 740430s1972 nyuar b 0 1 a0eng d
020 ## - INTERNATIONAL STANDARD BOOK NUMBER
International Standard Book Number 0125641052
035 ## - SYSTEM CONTROL NUMBER
System control number (BD-RjUL)69762
040 ## - CATALOGING SOURCE
Original cataloging agency DLC
Language of cataloging eng
Transcribing agency DLC
Modifying agency UKMGB
-- OCLCA
-- MLN
-- OCLCF
-- BD-RjUL
041 ## - LANGUAGE CODE
Language code of text/sound track or separate title eng
082 04 - DEWEY DECIMAL CLASSIFICATION NUMBER
Classification number 571.6
Edition number 23
Author mark and year MET 1972
245 00 - TITLE STATEMENT
Title Methods in cell physiology /
Statement of responsibility, etc. edited by David M. Prescott
260 ## - PUBLICATION, DISTRIBUTION, ETC. (IMPRINT)
Place of publication, distribution, etc. New York :
Name of publisher, distributor, etc. Academic Press,
Date of publication, distribution, etc. 1972
300 ## - PHYSICAL DESCRIPTION
Pagination vol. :
Illustrations ill. ;
Size 24 cm
504 ## - BIBLIOGRAPHY, ETC. NOTE
Bibliography, etc Includes bibliography and index.
505 0# - FORMATTED CONTENTS NOTE
Formatted contents note vol.v--
650 #0 - SUBJECT ADDED ENTRY--TOPICAL TERM
Topical term or geographic name as entry element Cytology
General subdivision Technique.
9 (RLIN) 206000
Topical term or geographic name as entry element Cell Physiological Phenomena.
9 (RLIN) 206001
Topical term or geographic name as entry element Cytologie
General subdivision Technique.
9 (RLIN) 206002
Topical term or geographic name as entry element Cellules.
9 (RLIN) 159292
Topical term or geographic name as entry element Cytology
General subdivision Technique.
Source of heading or term fast
9 (RLIN) 206000
Topical term or geographic name as entry element Celbiologie.
Source of heading or term gtt
9 (RLIN) 206003
700 1# - ADDED ENTRY--PERSONAL NAME
Personal name Prescott, David M.,
Dates associated with a name 1926-2011.
942 ## - ADDED ENTRY ELEMENTS (KOHA)
Source of classification or shelving scheme Dewey Decimal Classification
Koha item type Books
Holdings
Lost status Source of classification or shelving scheme Damaged status Not for loan Collection code Permanent Location Current Location Shelving location Date acquired Source of acquisition Cost, normal purchase price Total Checkouts Full call number Date last seen Copy number Koha item type
  Dewey Decimal Classification   Not For Loan Non-fiction Central Library, University of Rajshahi Central Library, University of Rajshahi Reading Room 13/01/1986 Topper &Sons 75.00   571.6 MET V-5 1972 12/04/2017 C-1 Books